|
|
|
|
| LEADER |
00000naa2a2200000 4500 |
| 001 |
402489 |
| 005 |
20231101065735.0 |
| 035 |
|
|
|a (RuTPU)RU\TPU\prd\47786
|
| 035 |
|
|
|a RU\TPU\prd\47785
|
| 090 |
|
|
|a 402489
|
| 100 |
|
|
|a 20061122a2006 k y0rusy50 ca
|
| 101 |
0 |
|
|a rus
|
| 102 |
|
|
|a RU
|
| 200 |
1 |
|
|a Технология создания сводного каталога подписки участников проекта МАРС
|f Г. Н. Зеленина, А. В. Данилов, П. А. Вотинцев
|
| 461 |
|
0 |
|0 (RuTPU)RU\TPU\prd\1594
|x 0130-9765
|t Научные и технические библиотеки
|o ежемесячный сборник по вопросам теории и практики библиотечного дела
|f Государственная публичная научно-техническая библиотека России
|d 1994-
|
| 463 |
|
0 |
|0 (RuTPU)RU\TPU\prd\47766
|t № 10
|v С. 39-44
|d 2006
|
| 610 |
1 |
|
|a библиотеки
|
| 610 |
1 |
|
|a сводные каталоги
|
| 610 |
1 |
|
|a периодические издания
|
| 610 |
1 |
|
|a подписка
|
| 610 |
1 |
|
|a проекты
|
| 610 |
1 |
|
|a МАРС
|
| 610 |
1 |
|
|a организационная реализация
|
| 700 |
|
1 |
|a Зеленина
|b Г. Н.
|g Галина Николаевна
|
| 701 |
|
1 |
|a Данилов
|b А. В.
|g Андрей Васильевич
|
| 701 |
|
1 |
|a Вотинцев
|b П. А.
|g Павел Анатольевич
|
| 801 |
|
1 |
|a RU
|b 63413507
|c 20061121
|g PSBO
|
| 801 |
|
2 |
|a RU
|b 63413507
|c 20061122
|g PSBO
|
| 942 |
|
|
|c BK
|